NBA - Equipe Basketball en image - Statistiques

Statistiques générales
  • Ce quiz a été pris 983 fois
  • Le résultat moyen est 23 sur 30
Statistiques - réponses
Par images Réponse % Correct
Charlotte Hornets
100%
Los Angeles Lakers
97%
LA Clippers
96%
Indiana Pacers
94%
San Antonio Spurs
93%
Chicago Bulls
92%
Miami Heat
90%
Boston Celtics
89%
Golden State Warriors
86%
Houston Rockets
82%
Utah Jazz
80%
Denver Nuggets
78%
Phoenix Suns
78%
Cleveland Cavaliers
77%
Milwaukee Bucks
77%
Brooklyn Nets
76%
Memphis Grizzlies
76%
Orlando Magic
75%
Toronto Raptors
75%
Atlanta Hawks
74%
New Orleans Pelicans
73%
Sacramento Kings
71%
Minnesota Timberwolves
70%
Philadelphia 76ers
70%
Dallas Mavericks
68%
Oklahoma City Thunder
68%
Washington Wizards
66%
New York Knicks
64%
Portland Trail Blazers
63%
Detroit Pistons
51%
Aucun quiz correspondant
Distribution des résultats
% des personnes avec chaque résultat
Percentile par nombre de réponses
Votre historique - résultats
Vous n’avez pas pris ce quiz